Statistiken für Bundesliga-Mannschaften

Klicken Sie hier um das Quiz zu spielen!

Allgemein

  • Dieses Quiz wurde 47.088 mal gespielt
    (44.293 seit der letzten Aktualisierung)
  • Das Durchschnittsergebnis liegt bei 16 aus 18

Antwortstatistiken

Vereine% Korrekt
FC Bayern München
100%
Borussia Dortmund
99%
RB Leipzig
93%
1. FC Köln
91%
1. FC Union Berlin
90%
1. FC Heidenheim
89%
Eintracht Frankfurt
89%
VfB Stuttgart
89%
Bayer 04 Leverkusen
88%
SV Werder Bremen
88%
Borussia Mönchengladbach
86%
SV Darmstadt 98
86%
SC Freiburg
85%
VfL Wolfsburg
85%
1. FSV Mainz 05
83%
FC Augsburg
83%
VfL Bochum
82%
TSG 1899 Hoffenheim
79%

Verteilung der Resultate

Perzentil nach korrekt beantworteten Fragen

Anzahl Personen mit jedem Resultat

Ihre Resultats-Entwicklung

Sie haben dieses Quiz seit der letzten Aktualisierung nicht gespielt